| 000 | 00305nam a2200133 i 4500 | ||
|---|---|---|---|
| 001 | bg | ||
| 100 | 1 | _aWOJDA, Andrzej | |
| 245 | 0 |
_aO projektowaniu w architekturze / _cA.Wojda. |
|
| 260 |
_aKraków, _c1984. |
||
| 040 | _cBPK | ||
| 041 | _apol | ||
| 942 | _cKS | ||
| 008 | s pl f |000 0 pol | ||
| 999 |
_c28516 _d28516 |
||
| 856 |
_uhttp://koha.tu.koszalin.pl/cgi-bin/koha/opac-detail.pl?biblionumber=28516 _yKatalog online BPK |
||